000 00871nam a2200217Ii 4500
003 JO-AjNU
008 230605s9999||||xx |||||||||||||| ||und||
017 _a2014/6/2955
040 _aJO-AjNU
_bara
_erda
_cJO-AjNU
041 _aara
050 1 4 _aLB2322 2014
100 3 _aتحريرعلوان، محمد... وآخرون,
_eauthor
_947238
245 0 0 _aالتعليم والميثاق الاجتماعي العربي: أوراق الندوة الحوارية التي عقدتها جامعة البترا برعاية سمو الأمير الحسن بن طلال
250 _aط1
264 3 1 _aعمان: جامعة البترا، 2014
300 _a251ص
336 _atext
_btxt
_2rdacontent
337 _aunmediated
_bn
_2rdamedia
338 _avolume
_bnc
_2rdacarrier
650 4 _aالتعليم العالي - البلاد العربية - ندوات
_947239
999 _aA20607
_c24175
_d24175